000 00664nam a22002057a 4500
999 _c9953
_d9953
003 AR-CdUCM
008 190328b ||||| |||| 00| 0 spa d
040 _aMUNICIPALIDAD PROVINCIAL DEL CUSCO
_cBIBLIOTECA MUNICIPAL DEL CUSCO
082 _a869.58 /
_bB39
100 _aBermejo, Vladimiro
_91790
245 _aAlberto Guillén o El vuelo interrumpido /
260 _aArequipa :
_bUniversitaria,
_c1961.
300 _a60 paginas ;
_c21 cm.
500 _aDonación familia Nieto.
505 _aContenido :Alberto Guillen o el vuelo interrumpido.
650 _aPoetas peruanos
_91611
650 _aLiteratura peruana
_9169
942 _2ddc
_cLIBROS
945 _arum